000 nam a22 7a 4500
999 _c128009
_d128009
008 180619b xxu||||| |||| 00| 0 eng d
020 _a2742731032
050 _aPR9373.9.B3 A
100 _aBA, Amadou Hampate
_94610
245 _aSur les traces d'amkoullel l'enfant peul
_c/by Amadou Hampate ba
260 _aPhilippe Dupuich:
_bActes SUD;
_c1998.
300 _a189P.;
_c18cm.
942 _2lcc
_cMONOGRAPH